[Event "Thailand Team op"]
[Site "Bangkok"]
[Date "2022.12.05"]
[Round "6.2"]
[White "Deeprasert, Fauzi"]
[Black "Tuamsang, Sawapop"]
[Result "1/2-1/2"]
[WhiteElo "1169"]
[BlackElo "1880"]
[PlyCount "66"]
[EventDate "2022.12.03"]
[EventType "team-swiss"]
[EventRounds "9"]
[EventCountry "THA"]
[SourceTitle "CBM 211 Extra"]
[Source "ChessBase"]
[SourceDate "2023.01.31"]
[SourceVersion "1"]
[SourceVersionDate "2023.01.31"]
[SourceQuality "1"]
[WhiteTeam "Eastville People"]
[BlackTeam "Chula Baka Bobo"]
[WhiteTeamCountry "THA"]
[BlackTeamCountry "THA"]

1. d4 Nf6 2. c4 g6 3. g3 Bg7 4. Bg2 0-0 5. Nc3 d6 6. Nf3 Nbd7 7. 0-0 c5 8. d5 Ng4 9. h3 Nge5 10. Nd2 f5 11. f4 Nf7 12. e4 Nh6 13. Nf3 fxe4 14. Nxe4 Nf5 15. Qe2 Nf6 16. Kh2 h6 17. Nxf6+ Bxf6 18. Rb1 Bd7 19. b3 Re8 20. g4 Nd4 21. Nxd4 Bxd4 22. Bb2 Bxb2 23. Rxb2 b5 24. Qd3 Kh7 25. Be4 Rg8 26. f5 gxf5 27. Bxf5+ Bxf5 28. Qxf5+ Kh8 29. Rbf2 Qe8 30. Qe6 Kh7 31. Rf7+ Rg7 32. Rf8 Qxf8 33. Rxf8 Rxf8 1/2-1/2

[Event "THA-chT"]
[Site "Bangkok"]
[Date "2015.12.06"]
[Round "5.2"]
[White "Tuamsang, Sawapop"]
[Black "Pornariyasombat, Atippat"]
[Result "1-0"]
[WhiteElo "1900"]
[BlackElo "2084"]
[PlyCount "75"]
[EventDate "2015.12.04"]
[EventType "team-swiss"]
[EventRounds "9"]
[EventCountry "THA"]
[SourceTitle "CBM 170 Extra"]
[Source "ChessBase"]
[SourceDate "2016.02.25"]
[SourceVersion "1"]
[SourceVersionDate "2016.02.25"]
[SourceQuality "1"]
[WhiteTeam "Chulalongkorn Univ"]
[BlackTeam "East Bangapi"]
[WhiteTeamCountry "THA"]
[BlackTeamCountry "THA"]

1. d4 g6 2. Nf3 Bg7 3. Bf4 c5 4. c3 Qb6 5. Qc2 cxd4 6. cxd4 Nc6 7. e3 d6 8. Nc3 Nf6 9. Be2 0-0 10. 0-0 Nb4 11. Qd2 Nbd5 12. Nxd5 Nxd5 13. Bg5 Nf6 14. Bd3 Bg4 15. Rfc1 Rfe8 16. h3 Bd7 17. e4 Bb5 18. Rc2 Rad8 19. Rac1 Bxd3 20. Qxd3 d5 21. e5 Ne4 22. Be3 h6 23. Nd2 Ng5 24. f4 Ne6 25. g4 Bf8 26. f5 gxf5 27. gxf5 Ng7 28. Nf3 e6 29. f6 Nf5 30. Kh2 Qa6 31. Rg2+ Kh8 32. Qd2 Bb4 33. Qxb4 Nxe3 34. Qd2 Nf5 35. Nh4 Rg8 36. Rcg1 Rxg2+ 37. Qxg2 Qd3 38. Nxf5 1-0

[Event "THA-ch"]
[Site "Bangkok"]
[Date "2015.11.08"]
[Round "5"]
[White "Suppt Hongs, Paisal"]
[Black "Tuamsang, Sawapop"]
[Result "0-1"]
[WhiteElo "1859"]
[BlackElo "1920"]
[PlyCount "108"]
[EventDate "2015.11.06"]
[EventType "swiss"]
[EventRounds "9"]
[EventCountry "THA"]
[SourceTitle "CBM 169 Extra"]
[Source "ChessBase"]
[SourceDate "2015.12.18"]
[SourceVersion "1"]
[SourceVersionDate "2015.12.18"]
[SourceQuality "1"]

1. e4 c5 2. b4 cxb4 3. d4 d5 4. Bb5+ Bd7 5. Bxd7+ Qxd7 6. e5 Nc6 7. a3 e6 8. Nf3 Rc8 9. 0-0 Nh6 10. axb4 Bxb4 11. c3 Bf8 12. Nh4 Nf5 13. Nxf5 exf5 14. Nd2 Be7 15. Re1 0-0 16. Nf3 b6 17. Ng5 Bxg5 18. Bxg5 h6 19. Be3 Na5 20. Qh5 Qe6 21. Ra3 Rc7 22. Bc1 Nc4 23. Ra6 Rfc8 24. f4 Na5 25. g4 g6 26. Qxh6 fxg4 27. Qh4 Qf5 28. e6 f6 29. e7 Re8 30. Ba3 Kg7 31. Bb4 Nc6 32. Ba3 Qc8 33. Bd6 Qxa6 34. Bxc7 Rxe7 35. Bd6 Rxe1+ 36. Qxe1 Qc8 37. Qe2 Qd7 38. Ba3 Na5 39. Kf2 Nc4 40. Bc1 Nd6 41. Qa2 Nc4 42. Kg3 a5 43. Qe2 a4 44. Qa2 Qe8 45. Kxg4 Qe1 46. Qxa4 Qxc1 47. Qd7+ Kh6 48. Qf7 Qg1+ 49. Kh3 Qe3+ 50. Kg2 Qxf4 51. Qf8+ Kg5 52. h4+ Kg4 53. Qc8+ f5 54. Qg8 Ne3+ 0-1

[Event "THA-ch"]
[Site "Bangkok"]
[Date "2015.11.07"]
[Round "4"]
[White "Tuamsang, Sawapop"]
[Black "Akharaboollasez, Akharin"]
[Result "1/2-1/2"]
[WhiteElo "1920"]
[BlackElo "1893"]
[PlyCount "131"]
[EventDate "2015.11.06"]
[EventType "swiss"]
[EventRounds "9"]
[EventCountry "THA"]
[SourceTitle "CBM 169 Extra"]
[Source "ChessBase"]
[SourceDate "2015.12.18"]
[SourceVersion "1"]
[SourceVersionDate "2015.12.18"]
[SourceQuality "1"]

1. d4 Nf6 2. c4 e6 3. Nc3 Bb4 4. Qc2 0-0 5. Nf3 c5 6. e3 Nc6 7. a3 Bxc3+ 8. bxc3 d6 9. Bd3 e5 10. 0-0 h6 11. Rb1 b6 12. h3 Qe8 13. Be2 e4 14. Nd2 Bf5 15. Rd1 Bh7 16. Nf1 Kh8 17. Ng3 Na5 18. Qa2 Qe6 19. Qc2 Rg8 20. Rb5 g5 21. a4 Bg6 22. Qa2 h5 23. f3 Rae8 24. fxe4 Bxe4 25. Nxe4 Nxe4 26. Qc2 g4 27. hxg4 hxg4 28. Bd3 g3 29. Bxe4 Qxe4 30. Qxe4 Rxe4 31. dxc5 dxc5 32. Rd7 Nxc4 33. Rxa7 Rd8 34. Rxf7 Re7 35. Rf1 Red7 36. e4 Rd1 37. Bf4 Rxf1+ 38. Kxf1 Rf8 39. a5 Rxf4+ 40. Ke2 Rf2+ 41. Kd3 Ne5+ 42. Ke3 Ng4+ 43. Kd3 bxa5 44. Rxc5 a4 45. Rh5+ Kg7 46. Rg5+ Kf6 47. Rxg4 Rxg2 48. e5+ Kxe5 49. Rxa4 Kf5 50. Ke3 Rf2 51. Rd4 Rf1 52. Rd2 Kg4 53. c4 Kh3 54. Rd8 g2 55. Rh8+ Kg3 56. Rg8+ Kh2 57. Rh8+ Kg1 58. Rg8 Rf2 59. c5 Kf1 60. Kd4 Rd2+ 61. Ke5 g1Q 62. Rxg1+ Kxg1 63. c6 Kf2 64. c7 Rc2 65. Kd6 Ke3 66. Kd7 1/2-1/2

[Event "Thailand op 11th"]
[Site "Pattaya"]
[Date "2011.04.11"]
[Round "1"]
[White "Tuamsang, Sawapop"]
[Black "Illingworth, Max"]
[Result "0-1"]
[WhiteElo "1967"]
[BlackElo "2345"]
[PlyCount "64"]
[EventDate "2011.04.11"]
[EventType "swiss"]
[EventRounds "9"]
[EventCountry "THA"]
[SourceTitle "CBM 141 Extra"]
[Source "ChessBase"]
[SourceDate "2011.05.03"]
[SourceVersion "1"]
[SourceVersionDate "2011.05.03"]
[SourceQuality "1"]

1. d4 e6 2. c4 d5 3. Nc3 Be7 4. Nf3 Nf6 5. Bf4 0-0 6. e3 Nbd7 7. Qc2 c6 8. Bd3 dxc4 9. Bxc4 b5 10. Bd3 Bb7 11. e4 b4 12. Ne2 h6 13. Qd2 c5 14. e5 Ne4 15. Qe3 cxd4 16. Nexd4 Ndc5 17. Bc2 Qd5 18. 0-0 Ng5 19. Rfd1 Rfe8 20. h4 Nxf3+ 21. Nxf3 Qc4 22. Rdc1 Qd5 23. Rd1 Qc6 24. Rd4 h5 25. Rc1 a5 26. Ba4 Qxa4 27. Bg5 Bf8 28. Bf6 Rac8 29. Rcd1 Qc6 30. Rd8 Ne4 31. R1d7 Qc1+ 32. Qxc1 Rxc1+ 0-1

[Event "Olympiad-39"]
[Site "Khanty-Mansiysk"]
[Date "2010.09.24"]
[Round "4.4"]
[White "Tuamsang, Sawapop"]
[Black "Noritsyn, Nikolay"]
[Result "0-1"]
[WhiteElo "1984"]
[BlackElo "2414"]
[PlyCount "92"]
[EventDate "2010.09.21"]
[EventType "team-swiss"]
[EventRounds "11"]
[EventCountry "RUS"]
[SourceTitle "CBM 139"]
[Source "ChessBase"]
[SourceDate "2010.11.18"]
[SourceVersion "1"]
[SourceVersionDate "2010.11.18"]
[SourceQuality "1"]
[WhiteTeam "Thailand"]
[BlackTeam "Canada"]
[WhiteTeamCountry "THA"]
[BlackTeamCountry "CAN"]

1. d4 Nf6 2. c4 c5 3. e3 g6 4. Nc3 Bg7 5. Nf3 0-0 6. Bd3 cxd4 7. exd4 d5 8. 0-0 Nc6 9. h3 a6 10. Bf4 dxc4 11. Bxc4 b5 12. Bb3 Na5 13. Re1 Bb7 14. Qe2 e6 15. Be5 Rc8 16. Ng5 Nc4 17. Bxc4 Rxc4 18. a4 Qb6 19. axb5 axb5 20. Nd1 Nd7 21. Bxg7 Kxg7 22. Nf3 Bxf3 23. Qxf3 Rxd4 24. Ne3 Nf6 25. Rec1 h5 26. Rc6 Qb8 27. Rac1 Rf4 28. Qe2 Rd8 29. g3 Rb4 30. Rc7 Re4 31. Qf3 Qb6 32. R1c5 Rf8 33. g4 hxg4 34. hxg4 Ra4 35. g5 Nh5 36. R7c6 Qa5 37. Nc2 Kg8 38. b4 Qd8 39. Qg4 Qd2 40. Rc8 Ra8 41. R8c7 Rad8 42. Ne3 Rd4 43. Qf3 Qe1+ 44. Nf1 Rd1 45. Qxd1 Qxd1 46. Rxb5 Qg4+ 0-1

[Event "Olympiad-39"]
[Site "Khanty-Mansiysk"]
[Date "2010.09.23"]
[Round "3.4"]
[White "Hoogendijk, Cornelis Willem"]
[Black "Tuamsang, Sawapop"]
[Result "1/2-1/2"]
[WhiteElo "1889"]
[BlackElo "1984"]
[PlyCount "86"]
[EventDate "2010.09.21"]
[EventType "team-swiss"]
[EventRounds "11"]
[EventCountry "RUS"]
[SourceTitle "CBM 139"]
[Source "ChessBase"]
[SourceDate "2010.11.18"]
[SourceVersion "1"]
[SourceVersionDate "2010.11.18"]
[SourceQuality "1"]
[WhiteTeam "Ghana"]
[BlackTeam "Thailand"]
[WhiteTeamCountry "GHA"]
[BlackTeamCountry "THA"]

1. e4 c5 2. Nf3 Nc6 3. d4 cxd4 4. Nxd4 Nf6 5. Nc3 d6 6. Be2 g6 7. 0-0 Bg7 8. Be3 0-0 9. h3 Bd7 10. Qd2 Rc8 11. Nb3 a6 12. f4 b5 13. a3 Be6 14. Bf3 Bxb3 15. cxb3 Na5 16. Bd1 Nd7 17. Nd5 e6 18. Ne7+ Qxe7 19. Qxa5 Rc6 20. Rb1 Nc5 21. Bxc5 dxc5 22. e5 Qd8 23. Qc3 Qb6 24. Bf3 Rcc8 25. Rbd1 Rfd8 26. Kh1 Bf8 27. Qc2 a5 28. Rxd8 Rxd8 29. Rd1 Be7 30. Rxd8+ Qxd8 31. Qd1 f6 32. Qe2 Qd7 33. a4 bxa4 34. bxa4 Kf7 35. b3 Qd4 36. exf6 Bxf6 37. Qc4 Qa1+ 38. Kh2 Bd4 39. Qe2 Qg1+ 40. Kg3 Bc3 41. Bg4 Qe1+ 42. Qxe1 Bxe1+ 43. Kh2 Bd2 1/2-1/2